CO JEMY Z BUŁKĄ TARTĄ? - Statystyki

Ogólne statystyki
  • Ten quiz został rozwiązany 66 razy
  • Średni wynik to 2 z 5
Statystyki odpowiedzi
Odpowiedź % Poprawnych
KOTLETY
77%
KALAFIOR
50%
SZPARAGI
29%
KROKIETY
27%
LENIWE
6%
Nie znaleziono quizów pasujących do podanych kryteriów
Rozkład punktacji
Procent ludzi z każdym wynikiem
Percentyl według liczby udzielonych odpowiedzi
Twoja historia wyników
Nie rozwiązałeś tego quizu